000 00614nam a2200121Ia 4500
008 220620s9999||||xx |||||||||||||| ||und||
245 0 _aScientific Competition
546 _aEnglish[eng]
650 _aEconomics||Finance & accounting||Labour economics||economics of science||Scientific competition||science policies
700 _aAlbert, Max||Voigt, Stefan||Schmidtchen, Dieter
856 _uhttps://library.oapen.org/bitstream/20.500.12657/27352/1/1002656.pdf||https://library.oapen.org/bitstream/20.500.12657/27352/1/1002656.pdf||https://library.oapen.org/bitstream/20.500.12657/27352/1/1002656.pdf
942 _cEB
999 _c25583
_d25583